000 01061cam a2200301 a 4500
999 _c12264
_d12264
003 OSt
005 20231120114702.0
008 980820s1999 enka b 001 0 eng
020 _a9780419221104
040 _aBMSCA
041 _aEng
082 0 0 _a307.121
_221
_bFRE
100 1 _aFrey, Hildebrand,
_d1940-
245 1 0 _aDesigning the city :
_btowards a more sustainable urban form /
_cHildebrand Frey.
260 _aLondon ;
_aNew York :
_bE & FN Spon,
_c1999.
300 _avii, 148 p. :
_bill. ;
_c28 cm.
504 _aIncludes bibliographical references and index.
650 0 _aCity planning
_xEconomic aspects.
650 0 _aCity planning
_xEnvironmental aspects.
650 0 _aUrban policy.
650 0 _aUrban ecology (Sociology)
650 0 _aCity and town life.
650 0 _aCity planning
_zScotland
_zGlasgow.
651 0 _aGlasgow (Scotland)
_xSocial conditions.
651 0 _aGlasgow (Scotland)
_xEnvironmental conditions.
856 4 2 _3Publisher description
_uhttp://www.loc.gov/catdir/enhancements/fy0651/98031105-d.html
942 _2ddc